University Home | Library Home | Institutional Repository

The 1964 Olympic guide. (Record no. 57827)

MARC details
000 -LEADER
fixed length control field 00581cam3a220020500 4500
001 - CONTROL NUMBER
control field tmp15413047
003 - CONTROL NUMBER IDENTIFIER
control field UPRA
005 - DATE AND TIME OF LATEST TRANSACTION
control field 20190815093225.0
008 - FIXED-LENGTH DATA ELEMENTS--GENERAL INFORMATION
fixed length control field 950809s1964 nyu eng u
035 ## - SYSTEM CONTROL NUMBER
System control number (Sirsi) r32787
035 ## - SYSTEM CONTROL NUMBER
System control number (UPRA)tmp15413047
040 ## - CATALOGING SOURCE
Transcribing agency UPRA
100 1# - MAIN ENTRY--PERSONAL NAME
Personal name Grombach, John V.
Linkage A96582.1
245 14 - TITLE STATEMENT
Title The 1964 Olympic guide.
250 ## - EDITION STATEMENT
Edition statement [Student ed.].
260 ## - PUBLICATION, DISTRIBUTION, ETC.
Place of publication, distribution, etc. [New York] :
Name of publisher, distributor, etc. Avon,
Date of publication, distribution, etc. [1964]
650 #0 - SUBJECT ADDED ENTRY--TOPICAL TERM
Topical term or geographic name entry element Olympics -- Revival, 1896-
General subdivision Olympics -- Revival, 1896-
Linkage S69884.1
949 ## - LOCAL PROCESSING INFORMATION (OCLC)
a GV721.5
w lcc
i -37840
m MAIN
t BOOK
l ON-SHELF

No items available.

© 2026 - The University of Zambia Library - Koha v25.11